Integrated pest management for cole crops and lettuce

Zapisane w:
Opis bibliograficzny
Format: Książka
Język:angielski
Wydane: Berkeley University of California 1992
Hasła przedmiotowe:
Etykiety: Dodaj etykietę
Nie ma etykietki, Dołącz pierwszą etykiete!

MARC

LEADER 00000nam a2200000 a 4500
001 UCO3836
003 CL-VaPUC
008 000728e19920000us |||||||||||||||||eng|d
082 0 4 |a 635.3  |b INT  |2 21 
245 1 0 |a Integrated pest management for cole crops and lettuce 
300 |a 112 p 
942 |c BK 
945 |d 20000728 00:00:00  |a vberengu 
260 |a Berkeley  |b University of California  |c 1992 
650 7 |a BROCOLI  |2 CL-VaPUC  |9 264160 
650 7 |a COLIFLOR  |2 CL-VaPUC  |9 405792 
650 0 |a Control de plagas  |9 327373 
650 7 |a LECHUGA  |2 CL-VaPUC  |9 362147 
650 0 |a Plagas y enfermedades (Plantas)  |9 417691 
583 |a last modification  |c 20171220 05:47:26  |k Rodrigo Vera 
999 |c 289966  |d 289964 
952 |0 0  |1 0  |4 0  |6 635_300000000000000_INT_1992  |7 0  |8 A  |9 338958  |a BIBAGR  |b BIBAGR  |d 2019-11-20  |i 3633748  |o 635.3 INT 1992  |p 3633748  |r 2025-01-20  |w 2019-11-20  |y BK  |k AGR